000 00807nam a2200217Ia 4500
003 IN-BaIIA
008 211028s9999 xx 000 0 eng d
020 _a3-540-00483-1
040 _cIIA Library
080 _a524.352(082.2)
_bESO
245 0 _aFrom twilight to highlight-the physics of supernovae
_bproceedings of the ESO/MPA/MPE workshop held in Garching, Germany, 29-31 Jul 2002
_cedited by W. Hillebrandt and B. Leibundgut
260 _aBerlin
_bSpringer-Verlag
_c2003
300 _axvii, 414p.
490 _aESO astrophysics symposia
650 _aSupernova
_915816
650 _aSupernova explosion
_928720
650 _aSupernova spectra
_928721
650 _aThermonuclear supernovae
_928722
700 _aLeibundgut, B., ed.
_928723
942 _cBK
999 _c15574
_d15574